Manual de administración deportiva.
Guardado en:
| Autor Corporativo: | |
|---|---|
| Formato: | Libro |
| Publicado: |
Lausanne, Suiza:
Comité Olímpico Internacional,
2019.
|
| Materias: | |
| Acceso en línea: | Disponible Online - Olympic World Library |
| Etiquetas: |
Agregar Etiqueta
Sin Etiquetas, Sea el primero en etiquetar este registro!
|
MARC
| LEADER | 00000nam a22000007a 4500 | ||
|---|---|---|---|
| 003 | CL-VaPUC | ||
| 005 | 20230807101535.0 | ||
| 008 | 230706t2019 ||||| |||| 00| 0 eng d | ||
| 999 | |c 441309 |d 441307 | ||
| 020 | |a 978-92-9149-177-3 | ||
| 040 | |c Pontificia Universidad Católica de Valparaíso | ||
| 082 | |2 22 |a 796.069 COM 2019 | ||
| 110 | 1 | |a Comité Olímpico Internacional |e autor |9 863145 | |
| 245 | |a Manual de administración deportiva. | ||
| 260 | |a Lausanne, Suiza: |b Comité Olímpico Internacional, |c 2019. | ||
| 300 | |a 295 páginas. | ||
| 500 | |a c.1 Donación Daniel Duclos. Memo EDU 22/2022. | ||
| 583 | |c 20230706 |k Catalogador Asistente | ||
| 650 | 0 | |9 395882 |a Administración deportiva |x Juegos Olímpicos |x Comités, federaciones y financiación | |
| 650 | 0 | |9 336462 |a Deporte |x Gestión y administración |x Liderazgo | |
| 856 | |u https://library.olympics.com/Default/doc/SYRACUSE/210292/manual-de-administracion-deportiva-solidaridad-olimpica?_lg=en-GB |y Disponible Online - Olympic World Library | ||
| 942 | |2 ddc |c BK | ||
| 952 | |0 0 |1 0 |2 ddc |4 0 |6 796_069000000000000_COM_2019 |7 0 |8 A |9 590682 |a BIBEDU |b BIBEDU |c GEN |d 2023-07-06 |e Donación |i 5657873 |l 1 |o 796.069 COM 2019 |p 5657873 |r 2023-09-06 |s 2023-09-06 |t 1 |w 2023-07-06 |y BK |k EFI | ||